000 00351 a2200157 4500
001 151447
040 _cEscola São Tomás de Aquino
100 _aLECCA, Hernán GArrido
240 1 0 _aMena e Anisinha
_lpor
245 1 0 _aMena e Anisinha
300 _a40
362 0 _a1999
440 1 _aSalamandra
697 _a*LITERATURA INFANTO
942 _cBK
999 _c151447
_d151447